Central Library OPAC University of Rajshahi

The decline of the West / (Record no. 21946)

MARC details
000 -LEADER
fixed length control field 00964cam a2200277Ia 4500
001 - CONTROL NUMBER
control field 21946
003 - CONTROL NUMBER IDENTIFIER
rucl marc code BD-RjUL
005 - DATE AND TIME OF LATEST TRANSACTION
control field 20211209000741.0
008 - FIXED-LENGTH DATA ELEMENTS--GENERAL INFORMATION
fixed length control field 140306r19611928nyua b 001 0 eng
035 ## - SYSTEM CONTROL NUMBER
System control number (OCoLC)ocm06183270
System control number (BD-RjUL)22011
System control number (NNC)4596878
040 ## - CATALOGING SOURCE
Original cataloging agency DLC
Transcribing agency URB
Modifying agency OCL
-- CSU
-- OCL
-- SLU
-- BD-RjUL
Language of cataloging eng
041 1# - LANGUAGE CODE
Language code of text/sound track or separate title eng
Language code of original ger
082 00 - DEWEY DECIMAL CLASSIFICATION NUMBER
Classification number 909
Author mark and year SPD 1961
100 1# - MAIN ENTRY--PERSONAL NAME
Personal name Spengler, Oswald,
Dates associated with a name 1880-1936.
9 (RLIN) 67758
245 14 - TITLE STATEMENT
Title The decline of the West /
Statement of responsibility, etc. by Oswald Spengler ; authorized translation with notes by Charles Francis Atkinson.
Number of part/section of a work VOLUME ONE :
Name of part/section of a work Form and actuality.
260 ## - PUBLICATION, DISTRIBUTION, ETC. (IMPRINT)
Place of publication, distribution, etc. New York :
Name of publisher, distributor, etc. A.A. Knopf,
Date of publication, distribution, etc. 1926 [Printing 1961].
300 ## - PHYSICAL DESCRIPTION
Pagination xv, 428 p. xxxii ;
Illustrations 3 folded tables ;
Size 25 cm.
504 ## - BIBLIOGRAPHY, ETC. NOTE
Bibliography, etc Includes bibliographical references and index.
650 #0 - SUBJECT ADDED ENTRY--TOPICAL TERM
Topical term or geographic name as entry element Civilization
General subdivision History.
9 (RLIN) 67759
700 1# - ADDED ENTRY--PERSONAL NAME
Personal name Atkinson, Charles Francis,
Dates associated with a name 1880-
942 ## - ADDED ENTRY ELEMENTS (KOHA)
Source of classification or shelving scheme Dewey Decimal Classification
Koha item type Books
Holdings
Lost status Source of classification or shelving scheme Damaged status Not for loan Collection code Permanent Location Current Location Shelving location Date acquired Source of acquisition Cost, normal purchase price Total Checkouts Full call number Date last seen Copy number Koha item type
  Dewey Decimal Classification     Non-fiction Central Library, University of Rajshahi Central Library, University of Rajshahi   11/11/1968 Zeitlinger. 166.00   909 SPD V-1 1961 06/03/2014 C-3 Books